La obra de Tomás López : (Registro nro. 12885)

Detalles MARC
000 -LIDER
fixed length control field 01125nam a22002897a 4500
003 - IDENTIFICACDOR DE NÚMERO DE CONTROL
control field DO-SdBNP
005 - DATE AND TIME OF LATEST TRANSACTION
control field 20220627104053.0
008 - ELEMENTOS DE LONGITUD FIJA
fixed length control field 171115b2002|00| 0 spa d
020 ## - ISBN
International Standard Book Number 9788488699596
040 ## - FUENTE DE CATALOGACIÓN
Agencia que crea de manera original el registro BPMSU
Idioma de catalogación spa
Agencia que realiza la transcripción BPMSU
082 ## - NÚMERO DE CLASIFICACIÓN DECIMAL DE DEWEY
Classification number 526
Item number L864o 2002
Edition number 22
100 1# - ASIENTO PRINCIPAL -- NOMBRE PERSONAL
Nombre personal Líter Mayayo, Carmen
Nombre de la parte o sección de una obra
245 13 - MENCIÓN DE TITULO
Título La obra de Tomás López :
Subtítulo imagen cartográfica del siglo xviii /
Mención de responsabilidad Carmen Líter Mayayo ; colaboradora Francisca Sanchis Ballester
260 ## - PUBLICACIÓN, DISTRIBUCIÓN, ETC. (PIE DE IMPRENTA)
Lugar de publicación, distribución, etc Madrid :
Nombre del editor, distribuidor, etc. Ministerio de educación cultura y deporte ;
Fecha de publicación, distribución, etc 2002.
300 ## - DESCRIPCIÓN FÍSICA
Extensión 570 p. :
Otros detalles físicos il., mapas ;
Dimensiones 25 cm.
500 ## - NOTA GENERAL
Nota general Incluye índice de lugares geográficos.
500 ## - NOTA GENERAL
Nota general
504 ## - NOTA DE BIBLIOGRAFÍA, ETC.
Bibliography, etc Bibliografía : p. 569-570
600 14 - ENCABEZAMIENTO DE MATERIA--NOMBRE PERSONAL
Nombre personal López, Tomas,
Fechas asociadas con el nombre 1730-1802
Subdivisión de forma Mapas
-- Catálogos .
610 14 - ENCABEZAMIENTO DE MATERIA--NOMBRE CORPORATIVO
Nombre corporativo o de jurisdicción Biblioteca Nacional (Madrid)
Subdivisión temática general Colecciones de mapas
Subdivisión de forma Catálogos.
650 #4 - ENCABEZAMIENTO DE MATERIA--TEMÁTICO
Término temático o nombre geográfico como elemento de entrada Cartografía
Subdivisión temática general Historia
Subdivisión cronológica Siglo XVIII.
Subdivisión geográfica España
700 1# - ASIENTO SECUNDARIO -- NOMBRE PERSONAL
Nombre personal Sanchis Ballester, Francisca,
Mención de responsabilidad colaboración
710 2# - ASIENTO SECUNDARIO -- NOMBRE CORPORATIVO
Nombre corporativo o de jurisdicción Ministerio de Educación Cultura y Deporte (España)
942 ## - ADDED ENTRY ELEMENTS (KOHA)
Source of classification or shelving scheme Dewey Decimal Classification
Koha item type Libros
945 ## - INFORMACIÓN DE PROCESAMIENTO LOCAL
Información de procesamiento local inventariado extranjero / DG
956 ## - LOCAL ELECTRONIC LOCATION AND ACCESS (OCLC)
Nombre de host BTAVAREZ
Número de acceso 10
Información de compresión 20171115
Trayectoria 0038
Existencias
Withdrawn status Lost status Source of classification or shelving scheme Damaged status Not for loan Collection code Home library Current library Date acquired Source of acquisition Full call number Barcode Date last seen Price effective from Koha item type
    Dewey Decimal Classification     Colección General Biblioteca Pública Metropolitana Salomé Ureña Biblioteca Pública Metropolitana Salomé Ureña 11/15/2017 BNPHU BPMSU CG 526 L864o 2002 BPMSU17110191 11/15/2017 11/15/2017 Libros